| 000 | 00562nam a2200229Ia 4500 | ||
|---|---|---|---|
| 003 | GCL | ||
| 008 | 140319s9999 xx 000 0 eng d | ||
| 040 |
_aGCL / _cGCL |
||
| 082 | 0 | 4 |
_a570 _bG B |
| 100 | 1 | _aSTOUT, G. W. | |
| 245 | 1 | 0 |
_aBIOLOGICAL SCIENCE / _cSTOUT, G. W. |
| 700 | 1 | _aGREEN, N. P. O. | |
| 700 | 1 | _aTAYLOR, D. J. | |
| 700 | 1 | _aSOPER, R. | |
| 260 |
_a[S.N] : _bCAMBRIBGE UNIVERSITY PRESS ، _c1995 |
||
| 300 | _a972 PP | ||
| 650 | 0 | 4 | _aBIOLOGY |
| 650 | 0 | 4 | _aBIOLOGICAL |
| 650 | 0 | 4 | _aLIFE, ORIGIN |
| 650 | 0 | 4 | _aEVOLUTION |
| 942 |
_2ddc _cBK |
||
| 999 |
_c20570 _d20570 |
||